Le temple de dendara

محفوظ في:

المؤلف الرئيسي: chassinat ,emil

التنسيق: كتاب

اللغة: Undetermined

منشور في: Le cairo 1934_2000

الموضوعات:

الوسوم: إضافة وسم

لا توجد وسوم, كن أول من يضع وسما على هذه التسجيلة!

رقم الطلب: (F) DT73.D4.C5

LEADER 00568nam a2200181Ia 4500
008 230909s9999||||xx |||||||||||||| ||und||
050 4 |a (F) DT73.D4.C5 
100 1 |a chassinat ,emil  
245 1 0 |a Le temple de dendara  
264 1 |a Le cairo   |c 1934_2000 
300 |c 35cm 
500 |a Bibliographical footnotes  
504 |a Includes hieroglyphic texts  
650 4 |a Egyptian language  
650 4 |a Tempel of Hathor  
942 |2 lcc  |c BK 
952 |0 0  |1 0  |2 lcc  |4 0  |7 1  |9 50040  |a ARCE  |b ARCE  |d 2023-09-09  |l 0  |o (F) DT73.D4.C5  |r 2023-09-09 00:00:00  |w 2023-09-09  |y BK 
999 |c 54663  |d 54663